-
Johnson Cery. Scholes,kevan
Entry Personal Name
Number of records used in: 1
001 - CONTROL NUMBER
003 - CONTROL NUMBER IDENTIFIER
005 - DATE AND TIME OF LATEST TRANSACTION
- control field:
20180818104537.0
008 - FIXED-LENGTH DATA ELEMENTS
- fixed length control field:
180818|| aca||aabn | a|a d
040 ## - CATALOGING SOURCE
- Original cataloging agency:
OSt
- Transcribing agency:
OSt
100 ## - HEADING--PERSONAL NAME
- Personal name:
Johnson Cery. Scholes,kevan
670 ## - SOURCE DATA FOUND
- Source citation:
Work cat.: (OSt)494: Johnson Cery. Scholes,kevan, Exploring Corporate Strategy : text and cases, 2004